Vers une mort solidaire (notice n° 2138524)

détails MARC
000 -LEADER
fixed length control field 01168cam a2200133 4500500
005 - DATE AND TIME OF LATEST TRANSACTION
control field 20260405023323.0
041 ## - LANGUAGE CODE
Language code of text/sound track or separate title fre
042 ## - AUTHENTICATION CODE
Authentication code dc
100 10 - MAIN ENTRY--PERSONAL NAME
Personal name La Marne, Paula
Relator term author
245 00 - TITLE STATEMENT
Title Vers une mort solidaire
260 ## - PUBLICATION, DISTRIBUTION, ETC.
Name of publisher, distributor, etc. Presses Universitaires de France,<br/>
Date of publication, distribution, etc. 2005.<br/>
520 ## - SUMMARY, ETC.
Summary, etc. Par crainte de l’acharnement thérapeutique et de la perte de la dignité de la personne, un parti du «droit de mourir» et de négocier sa propre fin s’est formé dans les sociétés modernes. Peut-on éluder l’existence d’un conflit éthique profond entre le droit de précipiter sa mort et l’interdit du meurtre dans des sociétés qui ont aboli la peine de mort et engagé des campagnes de prévention du suicide au nom du caractère sacré de la vie&amp;#8239;? Quelle conduite choisir&amp;#8239;? Quels principes gouvernent ces pratiques, quelles nouvelles lois les encadrent&amp;#8239;? Quel dialogue peut s’installer&amp;#8239;? Quelles pratiques se mettent en place&amp;#8239;?Cet ouvrage se propose de répondre à toutes ces questions.
856 41 - ELECTRONIC LOCATION AND ACCESS
Uniform Resource Identifier <a href="https://shs.cairn.info/vers-une-mort-solidaire--9782130546368?lang=fr&redirect-ssocas=7080">https://shs.cairn.info/vers-une-mort-solidaire--9782130546368?lang=fr&redirect-ssocas=7080</a>

Pas d'exemplaire disponible.

PLUDOC

PLUDOC est la plateforme unique et centralisée de gestion des bibliothèques physiques et numériques de Guinée administré par le CEDUST. Elle est la plus grande base de données de ressources documentaires pour les Étudiants, Enseignants chercheurs et Chercheurs de Guinée.

Adresse

627 919 101/664 919 101

25 boulevard du commerce
Kaloum, Conakry, Guinée

Réseaux sociaux

Powered by Netsen Group @ 2025